<?xml version="1.0" encoding="UTF-8"?>
<collection xmlns="http://www.loc.gov/MARC21/slim">
 <record>
  <leader>01253pam a22002658a 4500</leader>
  <controlfield tag="001">00016211</controlfield>
  <controlfield tag="005">20171026081023.0</controlfield>
  <controlfield tag="008">110406s2008                  ||||||Viesd</controlfield>
  <datafield tag="020" ind1=" " ind2=" ">
   <subfield code="c">25000</subfield>
  </datafield>
  <datafield tag="041" ind1="0" ind2="#">
   <subfield code="a">Vie</subfield>
  </datafield>
  <datafield tag="082" ind1="1" ind2="4">
   <subfield code="a">657.076</subfield>
   <subfield code="b">B103T</subfield>
  </datafield>
  <datafield tag="100" ind1="0" ind2="#">
   <subfield code="a">Hà minh Sơn</subfield>
  </datafield>
  <datafield tag="245" ind1="0" ind2="0">
   <subfield code="a">Bài tập kế toán ngân hàng thương mại</subfield>
   <subfield code="c">Hà Minh Sơn, Vũ Thị Thúy Hường</subfield>
  </datafield>
  <datafield tag="260" ind1="#" ind2="#">
   <subfield code="a">H.</subfield>
   <subfield code="b">Tài chính</subfield>
   <subfield code="c">2008.</subfield>
  </datafield>
  <datafield tag="300" ind1="#" ind2="#">
   <subfield code="a">167 tr.</subfield>
   <subfield code="c">21 cm.</subfield>
  </datafield>
  <datafield tag="500" ind1="#" ind2="#">
   <subfield code="a">ĐTTS ghi: Học viện tài chính</subfield>
  </datafield>
  <datafield tag="650" ind1="#" ind2="4">
   <subfield code="a">Ngân hàng thương mại</subfield>
  </datafield>
  <datafield tag="653" ind1="#" ind2="#">
   <subfield code="a">Kế toán</subfield>
   <subfield code="a">Bài tập</subfield>
  </datafield>
  <datafield tag="700" ind1="0" ind2="#">
   <subfield code="a">Vũ Thị Thúy Hường</subfield>
   <subfield code="e">Chủ biên</subfield>
  </datafield>
  <datafield tag="852" ind1="#" ind2="#">
   <subfield code="b">Kho giáo trình</subfield>
   <subfield code="j">KGT.0018487, KGT.0018488, KGT.0018489, KGT.0018490, KGT.0018491, KGT.0018492, KGT.0018493, KGT.0018494</subfield>
  </datafield>
  <datafield tag="852" ind1="#" ind2="#">
   <subfield code="b">Kho mượn</subfield>
   <subfield code="j">KM.0001767, KM.0011879, KM.0011951, KM.0005676, KM.0005545, KM.0007068</subfield>
  </datafield>
  <datafield tag="852" ind1="#" ind2="#">
   <subfield code="b">Kho đọc</subfield>
   <subfield code="j">KD.0001616</subfield>
  </datafield>
  <datafield tag="852" ind1="#" ind2="#">
   <subfield code="j">KD.0001616</subfield>
   <subfield code="j">KGT.0018487</subfield>
   <subfield code="j">KGT.0018488</subfield>
   <subfield code="j">KGT.0018490</subfield>
   <subfield code="j">KGT.0018491</subfield>
   <subfield code="j">KGT.0018493</subfield>
   <subfield code="j">KGT.0018494</subfield>
   <subfield code="j">KM.0007068</subfield>
   <subfield code="j">KM.0011879</subfield>
   <subfield code="j">KM.0005676</subfield>
   <subfield code="j">KM.0005545</subfield>
   <subfield code="j">KM.0001767</subfield>
   <subfield code="j">KGT.0018489</subfield>
   <subfield code="j">KGT.0018492</subfield>
   <subfield code="j">KM.0011951</subfield>
  </datafield>
  <datafield tag="910" ind1=" " ind2=" ">
   <subfield code="d">06/04/2011</subfield>
  </datafield>
  <datafield tag="980" ind1="#" ind2="#">
   <subfield code="a">Trung tâm Học liệu Lê Vũ Hùng, Trường Đại học Đồng Tháp</subfield>
  </datafield>
 </record>
</collection>
